The Core Principles for Islamic Finance Regulations and Assessment Methodology.

This paper provides a proposal to incorporate the Core Principles for Islamic Finance Regulation (Banking Sector) (CPIFR) issued by the Islamic Financial Services Board (IFSB), as part of the standards used in assessing the banking regulatory and supervisory regimes of relevant member jurisdictions...

Fuld beskrivelse

Bibliografiske detaljer
Institution som forfatter: International Monetary Fund
Format: Tidsskrift
Sprog:English
Udgivet: Washington, D.C. : International Monetary Fund, 2018.
Serier:Policy Papers; Policy Paper ; No. 2018/028
Online adgang:Full text available on IMF
LEADER 02041cas a2200241 a 4500
001 AALejournalIMF019228
008 230101c9999 xx r poo 0 0eng d
020 |c 5.00 USD 
020 |z 9781498308496 
022 |a 2663-3493 
040 |a BD-DhAAL  |c BD-DhAAL 
110 2 |a International Monetary Fund. 
245 1 4 |a The Core Principles for Islamic Finance Regulations and Assessment Methodology. 
264 1 |a Washington, D.C. :  |b International Monetary Fund,  |c 2018. 
300 |a 1 online resource (39 pages) 
490 1 |a Policy Papers 
500 |a <strong>Off-Campus Access:</strong> No User ID or Password Required 
500 |a <strong>On-Campus Access:</strong> No User ID or Password Required 
506 |a Electronic access restricted to authorized BRAC University faculty, staff and students 
520 3 |a This paper provides a proposal to incorporate the Core Principles for Islamic Finance Regulation (Banking Sector) (CPIFR) issued by the Islamic Financial Services Board (IFSB), as part of the standards used in assessing the banking regulatory and supervisory regimes of relevant member jurisdictions under the Financial Sector Assessment Program (FSAP) and the Reports on Observance of Standards and Codes (ROSCs). The CPIFR largely reflects the order of the Basel Core Principles on Effective Banking Supervision (BCP), with five additional principles that are specific to Islamic banking operations. Thus, for countries that have systemically significant Islamic banking sector, the assessment of the banking regulation and supervision regime of the jurisdiction would be against the CPIFR (for fully Islamic banking systems) or BCP and the five additional core principles under the CPIFR (for dual banking systems). The Fund staff is seeking the endorsement of the Executive Board on this proposal. 
538 |a Mode of access: Internet 
830 0 |a Policy Papers; Policy Paper ;  |v No. 2018/028 
856 4 0 |z Full text available on IMF  |u http://elibrary.imf.org/view/journals/007/2018/028/007.2018.issue-028-en.xml  |z IMF e-Library